Phòng trừ sâu bệnh hại cây họ cam quýt

Saved in:
Bibliographic Details
Main Author: Vũ Công Hậu
Format: Book
Language:Undetermined
Published: Tp.HCM Nông Nghiệp 2000
Subjects:
Tags: Add Tag
No Tags, Be the first to tag this record!
Institutions: Trung tâm Học liệu Trường Đại học Cần Thơ
LEADER 00586nam a2200193Ia 4500
001 CTU_37167
008 210402s9999 xx 000 0 und d
020 |b 4.000đ 
082 |a 634.359 
082 |b H125/2000 
100 |a Vũ Công Hậu 
245 0 |a Phòng trừ sâu bệnh hại cây họ cam quýt 
245 0 |c Vũ Công Hậu 
260 |a Tp.HCM 
260 |b Nông Nghiệp 
260 |c 2000 
650 |a citrus fruits,fruit trees,fruit trees - diseases and pest 
904 |i Minh, 000624 
980 |a Trung tâm Học liệu Trường Đại học Cần Thơ